00382nam a2200145Ia 4500003000400000005001700004008004100021040000900062082002000071100001500091245006200106260004800168300000900216650001100225OSt20210826130837.0190216s9999||||xx |||||||||||||| ||und|| coclc a297.1225bIBR/I aIbrahim, P 0aIrshad Ul Khairan :bLi Marifal Aya Al Quran /cIbrahim P bOxonian Press Private Limited ,aNew Delhi: a517p aArabic